000 00738cam a22002173a 4500
001 41305
003 PGUSA
005 20140828083929.0
008 121106s2012||||xxu|||||s|||||000 | eng d
040 _aPGUSA
_beng
042 _adc
100 1 _aKusmin, Michail
245 1 0 _aGeschichten :
_bAimé Leboeufs Abenteuer / Aus den Briefen der Claire Valmont / Florus und der Räuber / Der Schatten der Phyllis / Tante Sonjas Chaiselongue / Flügel
_h[electronic resource] /
_cMichail Kusmin
260 _bProject Gutenberg,
_c2012
506 _aPublic domain in the USA.
516 _aElectronic text
700 1 _aMesching, Edgar
830 0 _aProject Gutenberg
_v41305
856 4 0 _uhttp://www.gutenberg.org/ebooks/41305
942 _cEB
999 _c270557
_d270557